Koncept teórie udržateľnosti v kontexte ekonomickej teórie dizertačná práca

Gespeichert in:
Bibliographische Detailangaben
1. Verfasser: Prno, Róbert
Körperschaften: Národohospodárska fakulta EU. Katedra ekonómie, Slovenská akadémia vied. Ekonomický ústav
Weitere Verfasser: Sipko, Juraj
Format: Buch
Sprache:Slowakisch
Veröffentlicht: Bratislava 2019
Schlagworte:
Tags: Tag hinzufügen
Keine Tags, Fügen Sie das erste Tag hinzu!

MARC

LEADER 00000nbm a2200000 4500
001 0257786
005 20230227105330.1
041 0 |a slo 
044 |a SK 
245 1 0 |a Koncept teórie udržateľnosti v kontexte ekonomickej teórie  |b dizertačná práca  |c Róbert Prno ; školiteľ: Juraj Sipko 
264 1 |a Bratislava  |c 2019 
300 |a 152 s. 
610 2 0 |a teórie ekonomické 
610 2 0 |a filozofia 
610 2 0 |a rozvoj hospodársky 
610 2 0 |a praxeológia 
100 1 |a Prno, Róbert 
700 1 |a Sipko, Juraj 
710 2 |a Národohospodárska fakulta EU. Katedra ekonómie 
710 2 |a Slovenská akadémia vied. Ekonomický ústav